000 00825nam a2200253Ia 4500
003 OSt
005 20220923223045.0
006 a|||||r|||| 00| 0
007 ta
008 220922b |||||||| |||| 00| 0 hin d
024 _a210,179
037 _cTextual
040 _aARTS
_cARTS
_bhin
041 _2hin
_ahin
082 _aO152,3N314X, M2
100 _aवर्मा, सुरेन्द्र
245 0 _aकितना संुदर जोड़ा
246 _aKitanā sanudar joड़ā
260 _aदिल्ली
_b नेशनल पब्लि हा0
_c1982
300 _a118पृ.
_ccm.
650 _aहिन्दी साहित्य
_9156264
942 _hO152,3N314X, M2
_cTEXL
_2CC
999 _c360728
_d360728